Latah in Southeast Asia (Record no. 494277)

MARC details
000 -LEADER
fixed length control field 00802nam a2200253Ia 4500
003 - CONTROL NUMBER IDENTIFIER
control field OSt
005 - DATE AND TIME OF LATEST TRANSACTION
control field 20220925175702.0
008 - FIXED-LENGTH DATA ELEMENTS--GENERAL INFORMATION
fixed length control field 220923b |||||||| |||| 00| 0 eng d
020 ## - INTERNATIONAL STANDARD BOOK NUMBER
International Standard Book Number 0521472199
037 ## - SOURCE OF ACQUISITION
Terms of availability General Book
040 ## - CATALOGING SOURCE
Original cataloging agency RTL
Transcribing agency RTL
Language of cataloging eng
041 ## - LANGUAGE CODE
Source of code eng
Language code of text/sound track or separate title eng
100 ## - MAIN ENTRY--PERSONAL NAME
Personal name Winzeler Robert L
9 (RLIN) 249486
245 #0 - TITLE STATEMENT
Title Latah in Southeast Asia
Remainder of title The history and ethnography of a culture-bound syndrome
260 ## - PUBLICATION, DISTRIBUTION, ETC.
Place of publication, distribution, etc. Cambridge
Name of publisher, distributor, etc. Cambridge University Press
Date of publication, distribution, etc. 1995
300 ## - PHYSICAL DESCRIPTION
Extent xvi, 172p
Dimensions cm.
500 ## - GENERAL NOTE
General note Bibiliography: P 156-68; Glossary: P 137-40
650 ## - SUBJECT ADDED ENTRY--TOPICAL TERM
Topical term or geographic name entry element Sociology of medicine
942 ## - ADDED ENTRY ELEMENTS (KOHA)
Classification part Y9(L:4).435.N9, N5
Koha item type General Books
Source of classification or shelving scheme Colon Classification (CC)
Holdings
Withdrawn status Lost status Damaged status Not for loan Home library Current library Date acquired Total Checkouts Full call number Barcode Date last seen Price effective from Koha item type
        Ratan Tata Library Ratan Tata Library 2022-09-25   Y9(L:4).435.N9 N5 RT1134574 2022-09-25 2022-09-25 General Books
Copyright @ Delhi University Library System